El Yihadismo en prisin̤ El abordaje penitenciario del radicalismo islamista violento /

Detalles Bibliográficos
Autor principal: Carou Garca̕, Sara
Formato: eBook
Lenguaje:español
Publicado: Barcelona J.M. Bosch Editor, 2020
Materias:
Acceso en línea:Acceso restringido

MARC

LEADER 00000nam a22000007a 4500
005 20220421222419.0
007 cr|||| ||||
008 220421s2020 es |||||s|||| 00||0 spa d
020 |a 978-84-122106-2-0 
035 |a 35567 
040 |a vLex 
090 |c 13227  |d 13227 
100 1 |a Carou Garca̕, Sara 
245 1 2 |a El Yihadismo en prisin̤  |h [Recurso electrn̤ico] :  |b El abordaje penitenciario del radicalismo islamista violento /  |c Sara Carou Garca̕ 
256 |a Servicio en ln̕ea 
260 |a Barcelona  |b J.M. Bosch Editor,  |c 2020 
300 |a 1 recurso electrn̤ico 
500 |a La aparicin̤, dentro de la escena criminal, del terrorismo inspirado en una vertiente violenta del sala  |s mo, conocido habitualmente como ±terrorismo yihadista», ha supuesto un importante reto para las diferentes instancias estatales con competencias en materia de seguridad. La accin̤ de captacin̤ de nuevos integrantes, desarrollada por las redes delincuenciales vinculadas al terrorismo yihadista, en el interior de las prisiones ha provocado que la cr̀cel se mani  |e ste, no ya como un medio de inocuizar y/o reinsertar al delincuente juzgado y condenado, sino tambiň como un instrumento capaz de cortocircuitar acciones delictivas an︢ no cometidas. En la presente obra se analizan las diferentes medidas adoptadas por la Administracin̤ espaǫla –bien en clave de seguridad, bien en clave de tratamiento– tendentes a evitar la proliferacin̤ de los procesos intra-penitenciarios de radicalizacin̤ violenta, relacionados con este tipo de terrorismo. 
506 1 |a Disponible solo en los productos indicados  |d vLex Global  |d vLex Global (Academic Edition, excluding Law Schools)  |d vLex Global (U.S. Academic Edition, Law Schools)  |d vLex Global (U.S. Academic Edition, excluding Law Schools)  |d vLex Global (Academic Edition, Law Schools) 
650 0 4 |a Derecho Penal  |z Espaą 
650 0 4 |a Procedimiento Penal  |z Espaą 
740 0 |a vLex Libros (Servicio en ln̕ea) 
856 4 0 |u https://app.vlex.com/#/sources/35567  |z Acceso restringido 
942 |c BOOK 
999 0 |a Criminal Law 
999 0 |a Criminal Procedure